Проблемы и пути становления инновационной среды технического университета; Инновационный университет и инновационное образование: модели, опыт, перспективы

Detalles Bibliográficos
Parent link:Инновационный университет и инновационное образование: модели, опыт, перспективы.— 2003.— С. 19-20
Autor Principal: Ямпольский В. З. Владимир Захарович
Idioma:ruso
Publicado: 2003
Subjects:
Formato: Capítulo de libro
KOHA link:https://koha.lib.tpu.ru/cgi-bin/koha/opac-detail.pl?biblionumber=171726

MARC

LEADER 00000naa2a2200000 4500
001 171726
005 20231031164044.0
035 |a (RuTPU)RU\TPU\book\186192 
090 |a 171726 
100 |a 20091208d2003 k y0rusy50 ca 
101 0 |a rus 
102 |a RU 
200 1 |a Проблемы и пути становления инновационной среды технического университета  |f В. З. Ямпольский 
463 0 |0 (RuTPU)RU\TPU\book\56255  |t Инновационный университет и инновационное образование: модели, опыт, перспективы  |o труды международного симпозиума, Москва, 27-28 мая 2003 г.  |f Ассоциация инженерного образования России ; Томский политехнический университет ; гл. ред. Ю. П. Похолков  |v С. 19-20  |d 2003  |p 112 с. 
610 1 |a технические вузы 
610 1 |a университеты 
610 1 |a инновации 
610 1 |a венчурный фонд 
610 1 |a фонд гарантийных обязательств 
610 1 |a многопрофильный кластер 
610 1 |a инновационные предприятия 
610 1 |a труды учёных ТПУ 
700 1 |a Ямпольский  |b В. З.  |c директор института "Кибернетический центр" Томского политехнического университета  |f 1938-  |g Владимир Захарович  |2 stltpush  |3 (RuTPU)RU\TPU\pers\12100 
801 1 |a RU  |b 63413507  |c 20091208 
801 2 |a RU  |b 63413507  |c 20111229  |g RCR 
942 |c BK